| 000 | 006000000a22002050004500 | ||
|---|---|---|---|
| 003 | LK-CoMWRAF | ||
| 005 | 20231022095127.0 | ||
| 008 | 230817t2001 ||||| |||| 00| 0 eng d | ||
| 020 | _a1851682627 | ||
| 040 |
_aLK-CoMWRAF _dLK-CoMWRAF _eLK-CoMWRAF |
||
| 041 | _aeng | ||
| 082 |
_a305.48 _bFAD |
||
| 100 | _aFadl, Khaled Abou El | ||
| 245 |
_aSpeaking in God's Name: _bIslamic Law, Authority and Women |
||
| 260 |
_aOxford: _bOneworld, _c2001 |
||
| 300 |
_axiii, 361 p. ; 23 cm. _bBibliography and index included |
||
| 650 | _aWOMEN-LEGAL STATUS,LAW | ||
| 650 | _aWomen -Islamic law | ||
| 942 | _cBK | ||
| 999 |
_c1610 _d1610 |
||